Gendered citizenship: (Record no. 157705)
[ view plain ]
| 000 -LEADER | |
|---|---|
| fixed length control field | 00714nam a22002177a 4500 |
| 005 - DATE AND TIME OF LATEST TRANSACTION | |
| control field | 20180926144208.0 |
| 010 ## - LCCN (DPL NO) | |
| LC control number | ENG-124063 |
| 020 ## - INTERNATIONAL STANDARD BOOK NUMBER | |
| International Standard Book Number | 9789352871971 |
| Terms of availability | 1195.00 |
| 035 ## - SYSTEM CONTROL NUMBER | |
| System control number | EN-107595 |
| 037 ## - SOURCE OF ACQUISITION | |
| Source of stock number/acquisition | DBAD/PUB |
| 082 ## - DEWEY DECIMAL CLASSIFICATION NUMBER | |
| Classification number | 323.6 |
| 245 ## - TITLE STATEMENT | |
| Title | Gendered citizenship: |
| Remainder of title | manifestations and performance / |
| Statement of responsibility, etc | ed.by Bishnupriya Dutt; Janelle Reinelt [and] Shrinkhla Sahai |
| 260 ## - PUBLICATION, DISTRIBUTION, ETC. (IMPRINT) | |
| Place of publication, distribution, etc | Hyderabad |
| Name of publisher, distributor, etc | Orient BlackSwan Pvt. Ltd. |
| Date of publication, distribution, etc | 2018 |
| 270 ## - ADDRESS | |
| City | Hyderabad |
| Postal code | 500029 |
| Address | 3-6-752 Himayatnagar, |
| 300 ## - PHYSICAL DESCRIPTION | |
| Extent | xx,344p |
| Dimensions | 21cm.(Hb.) |
| Other physical details | ill. |
| 500 ## - GENERAL NOTE | |
| General note | It includes index |
| 700 ## - ADDED ENTRY--PERSONAL NAME | |
| Personal name | Dutt, Bishnupriya |
| 700 ## - ADDED ENTRY--PERSONAL NAME | |
| Personal name | Reinelt, Janelle |
| 700 ## - ADDED ENTRY--PERSONAL NAME | |
| Personal name | Sahai, Shrinkhla |
| 942 ## - ADDED ENTRY ELEMENTS (KOHA) | |
| Source of classification or shelving scheme | Dewey Decimal Classification |
| Item type | English Books |
| Classification part | 323.6 |
| Call number suffix | GEN |
| Withdrawn status | Lost status | Not for loan | Collection code | Home library | Current library | Date acquired | Source of acquisition | Cost, normal purchase price | Full call number | Barcode | Copy number | Cost, replacement price | Koha item type |
|---|---|---|---|---|---|---|---|---|---|---|---|---|---|
| Not For Loan | Non-fiction | D.B.Act.Division | Sarojini Nagar | 26/09/2018 | DBAD/PUB | 1195.00 | 323.6 GEN | EN-107595 | 1 | 1195.00 | English Books |
